000 00510nam a2200193Ia 4500
005 20250508152002.0
008 008 250505s9999 xx 000 0 eng d
037 _aTextual
040 _aFEDL
_beng
_cFEDL
041 _aeng
_2eng
084 _a181.1, LAO
_qFEDL
100 _aGiles Lionel
245 0 _aSayings of lao tzu
260 _aLondon, UK
_bJohn Murray
_c1905
300 _a53p.
650 _aOriental Philosophy
_9755543
942 _cTEXL
_h181.1, LAO
999 _c1333396
_d1333396